Statistics for All maps in cs:go tournament

Click here to take the quiz!

General Stats

  • This quiz has been taken 105 times
  • The average score is 8 of 10

Answer Stats

Mapy% Correct
Mirage
99%
Dust 2
92%
Inferno
92%
Nuke
92%
Overpass
88%
Vertigo
86%
Cache
78%
Train
77%
Office
53%
Agency
27%

Score Distribution

Percentile by Number Answered

Percent of People with Each Score

Your Score History

You have not taken this quiz